000 00452nam a22001697a 4500
005 20150206142826.0
008 150206b xxu||||| |||| 00| 0 eng d
040 _aLoreto College
041 _aBengali
082 _a540
_bWBC
245 _aAmader Paribesh (Class-III)
_cWest Bengal Board of Primary Education
260 _aKolkata
_bWest Bengal Board
_c2013
300 _a156p.
_b24cm.
650 _aPrimary Science
850 _aLCBED
942 _cBK
999 _c39799
_d90278